000 002930000a22000970004500
100 1 _aAnderson, Terry L.
245 1 0 _aProperty rights among native Americans : Correcting some misunderstandings
300 _aVol. 47, Num. 2 (Febrero, 1997), Páginas 71-73
773 0 _tThe Freeman
942 _cANA
999 _c56640
_d56640